Tối ưu hóa đa tiêu chuẩn trong chế tạo máy
Gorde:
| Egile nagusia: | |
|---|---|
| Formatua: | Liburua |
| Hizkuntza: | Undetermined |
| Argitaratua: |
Hải Phòng
Hải Phòng
2004
|
| Gaiak: | |
| Etiketak: |
Etiketa erantsi
Etiketarik gabe, Izan zaitez lehena erregistro honi etiketa jartzen!
|
| Thư viện lưu trữ: | Trung tâm Học liệu Trường Đại học Cần Thơ |
|---|
| LEADER | 00554nam a2200193Ia 4500 | ||
|---|---|---|---|
| 001 | CTU_59246 | ||
| 008 | 210402s9999 xx 000 0 und d | ||
| 020 | |b 37000 | ||
| 082 | |a 621.811 | ||
| 082 | |b H561 | ||
| 100 | |a Lê Ngọc Hưởng | ||
| 245 | 0 | |a Tối ưu hóa đa tiêu chuẩn trong chế tạo máy | |
| 245 | 0 | |c Lê Ngọc Hưởng | |
| 260 | |a Hải Phòng | ||
| 260 | |b Hải Phòng | ||
| 260 | |c 2004 | ||
| 650 | |a mechanical engineering | ||
| 904 | |i Minh | ||
| 980 | |a Trung tâm Học liệu Trường Đại học Cần Thơ | ||